Expository sermons on Revelation: (Record no. 503)

000 -LEADER
fixed length control field 00635nam a2200181 a 4500
001 - CONTROL NUMBER
control field :::00013657$&:&@@
003 - CONTROL NUMBER IDENTIFIER
control field OkBaRHE
005 - DATE AND TIME OF LATEST TRANSACTION
control field 20100324123348.0
008 - FIXED-LENGTH DATA ELEMENTS--GENERAL INFORMATION
fixed length control field s1969 j 000 0 eng u
040 ## - CATALOGING SOURCE
Transcribing agency
100 1# - MAIN ENTRY--PERSONAL NAME
Personal name Criswell, Wallie A.
245 10 - TITLE STATEMENT
Title Expository sermons on Revelation:
Remainder of title five volumes complete and unabridged in one.
260 ## - PUBLICATION, DISTRIBUTION, ETC. (IMPRINT)
Place of publication, distribution, etc Grand Rapids, MI., :
Name of publisher, distributor, etc Zondervan Publishing House
Date of publication, distribution, etc 1969
300 ## - PHYSICAL DESCRIPTION
Extent 1345 p. ;
Dimensions 23 cm.
650 ## - SUBJECT ADDED ENTRY--TOPICAL TERM
Topical term or geographic name as entry element Bible New Testament Revelation
General subdivision Commentaries
942 ## - ADDED ENTRY ELEMENTS (KOHA)
Source of classification or shelving scheme
Koha item type Books
Copies
Source of classification or shelving scheme Barcode Price effective from Copy number Full call number Date last seen Lost status Not for loan Date acquired Damaged status Collection code Permanent Location Koha item type Shelving location Withdrawn status
 136572010-04-141BS 2825.4 .C72018-04-03  2010-04-14 ReferenceRHEMA Bible Training CollegeBooksGeneral Stacks